MARC
| LEADER | 00000 a a2200000 04500 | ||
|---|---|---|---|
| 001 | 17296 | ||
| 003 | |||
| 040 | |||
| 090 | |a 006700 | ||
| 100 | |a Camacho Monge, Daniel | ||
| 245 | |a Integración centroamericana y absorción de mano de obra: el caso de Costa Rica | ||
| 260 | |a San José: |b UCR. IIS | ||
| 300 | |a 88 p. | ||
| 650 | |a INTEGRACION REGIONAL | ||
| 650 | |a MANO DE OBRA | ||
| 999 | |c 14629 |d 14629 | ||
